Оборудование цехов по нанесению полимерных покрытий: учебник для техникумов

Библиографические подробности
Главный автор: Гоц В. Л. Владимир Лазаревич
Язык:русский
Опубликовано: Москва, Машиностроение, 1980
Предметы:
Формат: Книга
Запись в KOHA:https://koha.lib.tpu.ru/cgi-bin/koha/opac-detail.pl?biblionumber=130424

MARC

LEADER 00000nam0a2200000 4500
001 130424
005 20231101220236.0
035 |a (RuTPU)RU\TPU\book\141256 
090 |a 130424 
100 |a 20080204d1980 m y0rusy50 ca 
101 0 |a rus 
102 |a RU 
105 |a a j 001zy 
200 1 |a Оборудование цехов по нанесению полимерных покрытий  |e учебник для техникумов  |f В. Л. Гоц 
210 |a Москва  |c Машиностроение  |d 1980 
215 |a 280 с. 
320 |9 572  |a Библиогр.: с. 279-280 
606 1 |a Полимерные покрытия порошковые  |x Нанесение  |2 stltpush  |3 (RuTPU)RU\TPU\subj\50217  |9 68949 
610 1 |a учебники 
610 1 |a лакокрасочные материалы 
610 1 |a оборудование 
610 1 |a поверхности 
610 1 |a подготовка 
610 1 |a нанесение 
610 1 |a инструменты 
610 1 |a сушка 
610 1 |a обработка 
610 1 |a автоматические линии 
610 1 |a транспортное оборудование 
675 |a 678.026.3(075.3)  |v 3 
700 1 |a Гоц  |b В. Л.  |g Владимир Лазаревич 
801 1 |a RU  |b 63413507  |c 20080204  |g PSBO 
801 2 |a RU  |b 63413507  |c 20210512  |g PSBO 
942 |c BK